000 00803nam a2200265Ia 4500
003 OSt
005 20221005073035.0
006 a|||||r|||| 00| 0
007 ta
008 221004b |||||||| |||| 00| 0 urd d
020 _a81720342 (hbk)
_cINR 200.00
024 _a42206
037 _b2131, 16/03/2019, M.R.Publications
_cTextual
040 _aCRL
_cCRL
_burd
041 _2urd
_aurd
082 _aO168,1L97:g, P9
100 _aMahuli Shahid Ed.
245 0 _aBisween sadi ka takhliqi zehan aur Ghalib
260 _aNew Delhi
_bGhalib institute India
_c2009
300 _a294p.
_ccm.
650 _a URDU POETRY
650 _aGHALIB
_9177774
942 _hO168,1L97:g, P9
_cTEXL
_2cc
999 _c980450
_d980450